00418cam a2200145 i 4500040000800000082002600008245006100034300002800095500001700123650002200140650002500162650002900187710001400216710004200230 cDLC a190 MIN 1994 A002 Or.00aCambodia :bfirst state of the environment report 1994 / axii, 315 pages ;c30 cm aCover title. 0aNatural resources 0aEnvironmental policy 0aEnvironmental protection1 aCambodia.2 aUnited Nations Development Programme,